Contabilidad 4 /

Guardado en:
Autor Principal: Fernández Duran, Elsa del Carmen Soria de
Formato: Libro
Publicado: Buenos Aires : Kapelusz, 1984
Materias:
Etiquetas: Agregar Etiqueta
Sin Etiquetas, Sea el primero en etiquetar este registro!
LEADER 01381nam a22002655a 4500
001 CEM.cems002407
005 20080227100613.0
008 130507s1984##################000#0#####d
003 CEMS
020 |a 9501329100 
082 0 4 |a Z657 
100 1 |a Fernández Duran, Elsa del Carmen Soria de 
245 1 0 |a Contabilidad 4 /  |c Elsa Del Carmen Soria De 
260 |a Buenos Aires :  |b Kapelusz,  |c 1984 
300 |a 238 p. 
500 |a Para Polimodal, Nocturno y Terciario 
505 0 |a Sistema de información contable en la empresa moderna -- Las sociedades anónimas -- Otras sociedades -- La empresa industrial -- La empresa productora de bienes agropecuarios -- La empresa de servicios -- Los estados contables -- Anexo: la contabilidad con computadoras -- Ejercitación con respuestas 
653 |a Contabilidad 
859 |a CEMS  |b BIB. CEMS - 11 de abril  |h Z657  |i F391  |p 12977.84  |t Ej.1  |v 4º  |3 4º 
859 |a CEMS  |b BIB. CEMS - 11 de abril  |h Z657  |i F391  |p 13612.85  |t Ej.2  |v 4º  |3 4º 
859 |a CEMS  |b BIB. CEMS - 11 de abril  |h Z657  |i F391  |p 13613.85  |t Ej.3  |v 4º  |3 4º 
859 |a CEMS  |b BIB. CEMS - 11 de abril  |h Z657  |i F391  |p 13614.85  |t Ej.4  |v 4º  |3 4º 
859 |a CEMS  |b BIB. CEMS - 11 de abril  |h Z657  |i F391  |p 13691.85  |t Ej.5  |v 4º  |3 4º 
859 |a CEMS  |b BIB. CEMS - 11 de abril  |h Z657  |i F391  |p 13692.85  |t Ej.6  |v 4º  |3 4º 
859 |a CEMS  |b BIB. CEMS - 11 de abril  |h Z657  |i F391  |p 18508.95  |t Ej.7  |v 4º  |3 4º